header

Science for sale (Record no. 25357)

MARC details
000 -LEADER
fixed length control field 02103nam a2200397 a 4500
082 04 - DEWEY DECIMAL CLASSIFICATION NUMBER
Classification number 500.71/1
100 1# - MAIN ENTRY--AUTHOR NAME
Personal name Greenberg, Daniel S.,
245 10 - TITLE STATEMENT
Title Science for sale
260 ## - PUBLICATION, DISTRIBUTION, ETC. (IMPRINT)
Place of publication Chicago :
Name of publisher University of Chicago Press,
Year of publication 2007.
300 ## - PHYSICAL DESCRIPTION
Number of Pages viii, 324 p.
505 0# - FORMATTED CONTENTS NOTE
Formatted contents note The setting and the system -- Money for science : never enough -- Elusive industrial angels -- Commercialize! It's the law -- Changing attitudes -- The price of profits -- Conflicts and interests -- A new regime -- As seen from the inside--six conversations -- Success and remorse -- A congenial partnership -- When the rules change in midstream -- Profits and principles -- Generations apart -- The journals revolt -- Fixing the system -- What's right and wrong, and how to make it better -- Epilogue : a parable for our time.
650 #0 - SUBJECT ADDED ENTRY--TOPICAL TERM
Topical Term Research
Topical Term Universities and colleges
Topical Term Research institutes
Topical Term Science
Topical Term Federal aid to research
856 40 - ELECTRONIC LOCATION AND ACCESS
Uniform Resource Identifier http://site.ebrary.com/lib/rucke/Doc?id=10265894

No items available.

© 2026 Rongo University
Contact us: librarian | system librarian | Rongo university